| 000 | 01091nam a2200217Ia 4500 | ||
|---|---|---|---|
| 001 | 8482 | ||
| 003 | GE_BSU | ||
| 008 | 181216s||||||||xx |||||||||||||| ||und|| | ||
| 040 | _cGE_BSU | ||
| 080 | _a821.353.1+82-93 | ||
| 100 | _aგრიშაშვილი,იოსებ. | ||
| 245 | _aთხზულებანი: 5 ტომად. ტ.2 | ||
| 245 | _bტ.2:ლექსები. | ||
| 245 | _cსარედ:კოლ:ალექსანდრე ბარამიძე;სოლომონ ყუბანეიშვილი;და სხვ.ტომი გამოსაცემად მოამზადეს და შენიშვნები დაურთეს ლამარა მეგრელიშვილმა,ლეილა სანაძემ;ეთერ შარაშენიძემ;რედ:ა.ხინთიბიძე. | ||
| 260 | _aთბილისი. | ||
| 260 | _bსაბჭ.საქართველო | ||
| 260 | _c1982. | ||
| 300 | _a346გვ;20სმ. | ||
| 653 | _aლექსები | ||
| 942 | _cBK | ||
| 999 |
_c41799 _d41799 |
||